| 000 | 00355nam a22001577a 4500 | ||
|---|---|---|---|
| 003 | SGT | ||
| 020 | _a9788131252697 | ||
| 082 |
_a610.72 _bN20S |
||
| 100 | _aSHARMA, SURESH K. | ||
| 245 | _aNURSING RESEARCH & STATISTICS | ||
| 250 | _a3RD | ||
| 260 |
_aINDIA _bELSEVIER PUB _c2020 |
||
| 300 | _a610 | ||
| 650 | _aURSING RESEARCH | ||
| 942 |
_2ddc _cBK _0184 |
||
| 999 |
_c21959 _d21959 |
||